00289nam a2200109Ia 4500008004100000100002000041245004100061260000900102300002900111440002400140650001500164180117s9999 xx 000 0 und d aby AA Patawaran aOn the trial of Jose Rizal's Demonio c2017 a6-10 pages, 2017 June 11 aPhilippine Panorama aJOSE RIZAL